000 00350nam a2200145Ia 4500
005 20251222153543.0
008 251222s9999||||xx |||||||||||||| ||spa||
020 _a8486557674
082 _a600/M17
100 _aMaibach, Howard
245 0 _aDermatologĂ­a ClĂ­nica Ilustrada:
250 _a1ra.ed.
264 _bEdiciones CEA, S.A.
942 _cLIB
999 _c30548
_d30548